| 000 | 00848nam a22002297a 4500 | ||
|---|---|---|---|
| 999 |
_c5946 _d5946 |
||
| 003 | AR-CdUCM | ||
| 008 | 190313b ||||| |||| 00| 0 spa d | ||
| 040 |
_aMUNICIPALIDAD PROVINCIAL DEL CUSCO _cBIBLIOTECA MUNICIPAL DEL CUSCO |
||
| 082 |
_a810 / _bH72 |
||
| 100 |
_aBlair, Walter _917458 |
||
| 245 | _aBreve Historia de la Literatura Norteamericana / | ||
| 260 |
_aMéxico : _bPax-México ; _c1971. |
||
| 300 |
_a526 páginas ; _c21cm |
||
| 500 | _aColaboración de la familia Nieto | ||
| 505 | _aContenido: Las colonias inglesas -- La nueva república -- El renacimiento norteamericano -- La guerra civil -- Advenimiento de los Estados Unidos modernos... | ||
| 650 |
_aLiteratura _9416 |
||
| 650 |
_aHistoria _9136 |
||
| 700 |
_aHornberger, Theodeore _917459 |
||
| 700 |
_aStewart, Randall _917460 |
||
| 942 |
_2ddc _cLIBROS |
||
| 945 | _anom | ||